00507nam a2200193 a 4500001001300000003000900013005001700022008004100039020001100080082001900091100002000110245004600130260004000176300000900216500003500225505001000260650002300270700002000293nice12345678IN_TiNIC20260116011346.0050524s1964 newa grp 000 0 eng  ac254400a297.1977bBIN1 aBinder, Leonard aIdeological Revolution in the Middle East aNew YorkbJohn Wiley and Sonsc1964 a287p aincludes index and biblioraphy2 aIndex aIslam and Politics1 aBinder, Leonard